<The> Evolution of Civilizations <An> Introduction to Historical Analysis
Na minha lista:
| Autor principal: | |
|---|---|
| Formato: | Livro |
| Idioma: | inglês |
| Publicado em: |
Indianapolis
Liberty Press
1979
|
| Edição: | 1. ed. |
| Assuntos: | |
| Tags: |
Sem tags, seja o primeiro a adicionar uma tag!
|
MARC
| LEADER | 00000nam a2200000 4500 | ||
|---|---|---|---|
| 001 | c004682 | ||
| 005 | 20221220103204.4 | ||
| 020 | |a 0-913966-57-6 | ||
| 041 | 0 | |a eng | |
| 044 | |a US | ||
| 245 | 1 | 0 | |a <The> Evolution of Civilizations |b <An> Introduction to Historical Analysis |c Carroll Quigley |
| 250 | |a 1. ed. | ||
| 264 | 1 | |a Indianapolis |b Liberty Press |c 1979 | |
| 300 | |a 442 s. | ||
| 610 | 2 | 0 | |a civilizácia |
| 610 | 2 | 0 | |a vedy spoločenské |
| 610 | 2 | 0 | |a kultúra |
| 610 | 2 | 0 | |a spoločnosť |
| 610 | 2 | 0 | |a história |
| 100 | 1 | |a Quigley, Carroll | |